Name That Brawler - Statistics

General Stats
  • This quiz has been taken 97 times
  • The average score is 10 of 10
Answer Stats
Picture Answer % Correct
El Primo
100%
Brock
96%
Emz
96%
Frank
96%
Rosa
96%
Bo
95%
Bull
95%
Nita
95%
8-Bit
94%
Jacky
93%
No matching quizzes found
Score Distribution
Percent of People with Each Score
Percentile by Number Answered
Your Score History
You have not taken this quiz